000
00344cam a2200157ua 4500
041
_a
eng
_h
082
_a
828.09
_b
JAC/PO
100
_a
Jack, Ian .
245
_a
Pope /
_c
Ian Jack.
_h
Textual Documents
250
_a
1 /
_b
.
260
_a
London :
_b
Longman ,
_c
1962.
300
_a
34 ; .
504
_a
942
_c
BK
999
_c
6845
_d
6845